Estatísticas para Cultura Geral

Clique aqui para jogar o quiz

Estatísticas Gerais

  • Esse quiz foi jogado 20 vezes
  • A pontuação média é 8 de 15

Estatísticas das Respostas

HintResposta% Correto
Que fruto dá o abacateiro?Abacate
100%
Qual é o feminino de pato?Pata
95%
Que país que começa com a letra B faz fronteira com a França?Bélgica
89%
A Reineta é uma variedade de que fruta?Maçã
79%
Qual é o estilo de música tocada pelos The Rolling Drones?Rock
68%
Que árvore dá marmelos?Marmeleiro
63%
Que nome damos a pares de palitos usados ​​como utensílios de cozinha e de comer?Hashi
53%
Arroz chau chau é um prato típico de qual antiga colónia portuguêsa?Macau
53%
A Sopa cantonesa de mariscos é uma sopa típica de que país?China
42%
A que país pertence o arquipélago Chiloé?Chile
37%
O que é uma solha?Peixe
37%
O que é Noodle?Massa
32%
Que nome damos á distância vertical medida entre um ponto e um datum que geralmente é o nível médio do mar?Altitude
21%
Em que país podemos encontrar a cidade de Tamale?Gana
21%
O que é um Pisco sour?Bebida
16%

Distribuição das Pontuações

Percentil de Números Respondidos

Porcentagem de Pessoas com Cada Pontuação

Sua Pontuação Histórica

Você não jogou esse quiz